000 00612nam a2200193Ia 4500
005 20260114185840.0
008 008 260114s9999 xx 000 0 eng d
020 _a9780755610365
037 _aEBOOK
040 _aCRL
_beng
_cCRL
041 _aeng
_2eng
084 _qCRL
100 _aMarta Bolognani
_9875154
245 0 _aCrime and Muslim Britain Race, Culture and the Politics of Criminology Among British Pakistanis
260 _bBloomsbury
_c2009
856 _uhttps://doi.org/10.5040/9780755610365?locatt=label:secondary_bloomsburyCollections
942 _cEBOOK
999 _c1474088
_d1474088